| 000 -LEADER |
| fixed length control field |
00640nam a2200205Ia 4500 |
| 001 - CONTROL NUMBER |
| control field |
4236 |
| 003 - CONTROL NUMBER IDENTIFIER |
| control field |
GE_BSU |
| 008 - FIXED-LENGTH DATA ELEMENTS--GENERAL INFORMATION |
| fixed length control field |
181216s||||||||xx |||||||||||||| ||und|| |
| 040 ## - CATALOGING SOURCE |
| Transcribing agency |
GE_BSU |
| 080 ## - UNIVERSAL DECIMAL CLASSIFICATION NUMBER |
| Universal Decimal Classification number |
621.643(075) |
| 100 ## - MAIN ENTRY--PERSONAL NAME |
| Personal name |
Ахметов,Р.М. Матвиенко,Ю.В. Ливанов,А.В. |
| 245 ## - TITLE STATEMENT |
| Title |
Диспетчеризация и учет на нефтепроводах. |
| 245 ## - TITLE STATEMENT |
| Statement of responsibility, etc. |
ред. В.А. Куликова. |
| 260 ## - PUBLICATION, DISTRIBUTION, ETC. |
| Place of publication, distribution, etc. |
М. |
| 260 ## - PUBLICATION, DISTRIBUTION, ETC. |
| Name of publisher, distributor, etc. |
Недра. |
| 260 ## - PUBLICATION, DISTRIBUTION, ETC. |
| Date of publication, distribution, etc. |
1976. |
| 300 ## - PHYSICAL DESCRIPTION |
| Extent |
351стр. 20 см. |
| 653 ## - INDEX TERM--UNCONTROLLED |
| Uncontrolled term |
Диспетчеризация и учет на нефтепроводах. |
| 942 ## - ADDED ENTRY ELEMENTS (KOHA) |
| Koha item type |
წიგნი |